00987nac a22002651u 4500010001600000020001500016020002100031035002000052035001200072082001800084090001500102100003400117245008700151260006700238300002700305440003700332504005400369610003000423610003000453650003000483710004600513942002000559999001500579952012700594 a 98200465 a1855673525 a1855673533 (pbk) a(OCoLC)39483456 aa59758800a382.92bJ1321 c2140d2140 aJackson, John Howard, 14aThe World Trade Organization :bconstitution and jurisprudence /cJohn H. Jackson. aLondon :bRoyal Institute of International Affairs,1998c1998. axiv, 193 p. ;c224 cm. 0aChatham House papers (Unnumbered aIncludes bibliographical references (p. 192-193).20aWorld Trade Organization.20aWorld Trade Organization. 0aForeign trade regulation.2 aRoyal Institute of International Affairs. cBBk382.92J1321 c2140d2140 00104070aMAINbMAINc1STd2012-02-07ePurchasel4m9o382.92 JACp000002226r2025-07-15 00:00:00s2024-10-08v89.80yBB